Statistics for Every Premier League Goalscorer (2021/22)

Click here to take the quiz!

General Stats

  • This quiz has been taken 389 times
  • The average score is 116 of 281

Answer Stats

Answer% Correct
Mohamed Salah
93%
Sadio Mané
91%
Cristiano Ronaldo
90%
Harry Kane
89%
Kevin De Bruyne
89%
Son Heung-min
87%
Diogo Jota
86%
Bruno Fernandes
85%
Mason Mount
84%
Riyad Mahrez
84%
Bukayo Saka
83%
Raheem Sterling
83%
Roberto Firmino
83%
Romelu Lukaku
83%
Andrew Robertson
82%
Connor Roberts
82%
Jamie Vardy
82%
Tyler Roberts
82%
Virgil van Dijk
82%
Bernardo Silva
81%
Christian Pulisic
81%
Luis Díaz
81%
Martin Ødegaard
80%
Thiago Silva
80%
Kai Havertz
79%
Pierre-Emerick Aubameyang
79%
Trent Alexander-Arnold
77%
Wilfried Zaha
77%
Alexandre Lacazette
76%
Jorginho
76%
Richarlison
76%
Gabriel Jesus
75%
Timo Werner
75%
Edinson Cavani
74%
İlkay Gündoğan
74%
Phil Foden
74%
Daniel James
73%
Granit Xhaka
73%
Marcus Rashford
73%
Naby Keïta
73%
Reece James
73%
Teemu Pukki
73%
Fabinho
71%
Jordan Henderson
71%
Rodri
71%
Emile Smith Rowe
70%
Joël Matip
70%
Takumi Minamino
70%
Antonio Rüdiger
68%
Harry Maguire
67%
Chris Wood
66%
Fred
66%
Gabriel Martinelli
66%
Hakim Ziyech
66%
Divock Origi
65%
Jack Grealish
65%
Rúben Dias
65%
Scott McTominay
65%
Ivan Toney
64%
João Cancelo
64%
Paul Pogba
64%
Danny Ings
63%
Kieran Tierney
63%
Ollie Watkins
63%
Thiago Alcântara
63%
Gabriel
62%
Mateo Kovačić
62%
Michail Antonio
62%
Thomas Partey
62%
Philippe Coutinho
61%
César Azpilicueta
60%
James Maddison
60%
Marcos Alonso
60%
N'Golo Kanté
60%
Raúl Jiménez
60%
Christian Eriksen
59%
Dominic Calvert-Lewin
58%
John Stones
58%
Raphinha
57%
Dejan Kulusevski
56%
Jarrod Bowen
56%
Neal Maupay
56%
Nicolas Pépé
56%
Aymeric Laporte
55%
Curtis Jones
55%
Nathan Aké
55%
Fernandinho
54%
Ashley Barnes
53%
Harvey Barnes
53%
Youri Tielemans
51%
Anthony Elanga
50%
Callum Wilson
49%
Leandro Trossard
49%
Matty Cash
49%
Jadon Sancho
48%
Mason Greenwood
48%
Patrick Bamford
48%
Tomáš Souček
48%
Ben Davies
47%
Davinson Sánchez
47%
Declan Rice
47%
Eddie Nketiah
47%
Ben Chilwell
46%
Donny van de Beek
46%
Maxwel Cornet
46%
Tom Davies
46%
Anthony Martial
45%
Cédric Soares
45%
Rodrigo
45%
Allan Saint-Maximin
44%
Leon Bailey
44%
Steven Bergwijn
44%
Christian Benteke
43%
Dele Alli
43%
Douglas Luiz
43%
John McGinn
43%
Lucas Moura
43%
Nuno Tavares
43%
Patson Daka
43%
Rúben Neves
43%
Çağlar Söyüncü
42%
Emiliano Buendía
42%
Pierre-Emile Højbjerg
42%
Conor Gallagher
41%
James Ward-Prowse
41%
Matt Doherty
41%
Séamus Coleman
41%
Miguel Almirón
40%
Saïd Benrahma
40%
Tyrone Mings
40%
Emmanuel Dennis
39%
Manuel Lanzini
39%
Pascal Groß
38%
Alex Iwobi
37%
Andriy Yarmolenko
37%
Ché Adams
37%
Hwang Hee-chan
37%
João Moutinho
37%
Joelinton
37%
Jordan Ayew
37%
Raphaël Varane
37%
Salomón Rondón
37%
Cristian Romero
36%
Jesse Lingard
36%
Jonny Evans
36%
Josh Sargent
36%
Kelechi Iheanacho
36%
Pablo Fornals
36%
Rob Holding
36%
Alex Oxlade-Chamberlain
35%
Conor Coady
35%
Wout Weghorst
35%
Jacob Ramsey
34%
Vitaliy Mykolenko
34%
Alexis Mac Allister
33%
Fabian Schär
33%
Ismaïla Sarr
33%
Jack Harrison
33%
Ben Mee
32%
Michael Keane
32%
Yves Bissouma
32%
Anthony Gordon
31%
Danny Welbeck
31%
James Tarkowski
31%
Trevoh Chalobah
31%
Bruno Guimarães
30%
Demarai Gray
30%
Eberechi Eze
30%
Mateusz Klich
30%
Milot Rashica
30%
Odsonne Édouard
30%
Stuart Dallas
30%
Adam Armstrong
29%
Armando Broja
29%
Bryan Mbeumo
29%
Callum Hudson-Odoi
29%
Ferran Torres
29%
Lewis Dunk
29%
Mark Noble
29%
Matěj Vydra
29%
Shane Long
29%
Stuart Armstrong
29%
Joshua King
28%
Ayoze Pérez
27%
Emerson Royal
27%
Kieran Trippier
27%
Kurt Zouma
27%
Leander Dendoncker
27%
Marc Cucurella
27%
Timothy Castagne
27%
Yoane Wissa
27%
Ezri Konsa
26%
Jan Bednarek
26%
Romain Saïss
26%
Sergio Reguilón
26%
Enock Mwepu
25%
Luke Ayling
25%
Matt Targett
25%
Ricardo Pereira
25%
Christian Nørgaard
24%
Craig Dawson
24%
Jean-Philippe Mateta
24%
Michael Olise
24%
Pedro Neto
24%
Pontus Jansson
24%
Ross Barkley
24%
Shane Duffy
24%
Angelo Ogbonna
23%
Sergi Canós
23%
Cucho Hernández
22%
João Pedro
22%
Joël Veltman
22%
Aaron Cresswell
21%
Adama Traoré
21%
Andros Townsend
21%
Ben Johnson
21%
Dan Burn
21%
Diego Llorente
21%
Jay Rodriguez
21%
Mason Holgate
21%
Vitaly Janelt
21%
Anwar El Ghazi
20%
Daniel Podence
20%
Kristoffer Ajer
20%
Moisés Caicedo
20%
Pascal Struijk
20%
Ryan Fraser
20%
Tanguy Ndombele
20%
Abdoulaye Doucouré
19%
Jeffrey Schlupp
19%
Joe Willock
19%
Jonjo Shelvey
19%
Arthur Masuaku
18%
Marc Guéhi
18%
Moussa Sissoko
18%
Nikola Vlašić
18%
Sean Longstaff
18%
Jonny
17%
Oriol Romeu
17%
Rayan Aït-Nouri
17%
Jamaal Lascelles
16%
Joe Gelhardt
16%
Nathan Collins
16%
Rico Henry
16%
Calum Chambers
15%
Ethan Pinnock
15%
Grant Hanley
15%
Jack Cork
15%
Adam Webster
14%
Juraj Kucka
14%
Kyle Walker-Peters
14%
Mohamed Elyounoussi
14%
Nathan Redmond
14%
Francisco Trincão
13%
Josh Brownhill
13%
Kiernan Dewsbury-Hall
13%
Marc Albrighton
13%
Matthew Lowton
13%
Ademola Lookman
12%
Mathias Normann
12%
Saman Ghoddos
12%
Tino Livramento
12%
Jacob Murphy
11%
Javier Manquillo
11%
Jeff Hendrick
11%
Kortney Hause
11%
Max Kilman
11%
Aaron Lennon
10%
Adam Idah
10%
Pierre Lees-Melou
10%
Kenny McLean
9%
James Tomkins
8%
Jarrad Branthwaite
8%
Mads Roerslev
8%
Mathias Jørgensen
8%
Shandon Baptiste
8%
Hassane Kamara
7%
Andrew Omobamidele
6%
Isaac Hayden
6%
Kieran Dowell
6%
Dan Gosling
3%

Score Distribution

Percentile by Number Answered

Percent of People with Each Score

Your Score History

You have not taken this quiz